| 000 | 00954nam a2200217Ia 4500 | ||
|---|---|---|---|
| 003 | Ost | ||
| 005 | 20260507075050.0 | ||
| 008 | 260507s9999||||xx |||||||||||||| ||und|| | ||
| 040 | _cfsecg | ||
| 041 | _aara | ||
| 082 | _a300 | ||
| 100 |
_aعبد الفتاح، محمد سعيد _eمؤلف |
||
| 245 | 0 |
_aالإدارة العامة : _bالمبادئ والتطبيق / _c محمد سعيد عبد الفتاح |
|
| 260 |
_aالاسكندرية: _bالدار الجامعية, _c2003 |
||
| 300 |
_a560 صفحة؛ _bإيضاحات ؛ _c24 سم |
||
| 504 | _aببليوغرافيا: ص.560 | ||
| 520 | _aأساسيات الادارة العامة-بيئة الادارة العامة-العمليات الادارية في الادارة العامة-المجالات الوظيفية في الادارة العامة | ||
| 653 | _aالادارة العامة | ||
| 700 |
_aالصحن، محمد فريد _eمؤلف ثانوي |
||
| 942 | _cكتاب | ||
| 999 |
_c42632 _d42632 |
||